| 000 | 00721nac a22001811u 4500 | ||
|---|---|---|---|
| 020 | _a139781844803552 | ||
| 020 | _a101844803554 | ||
| 082 |
_a005.14 _bG7601 |
||
| 090 |
_c3519 _d3519 |
||
| 100 | _aGraham, Dorothy | ||
| 245 |
_afoundations of software testing : ISTQB certification \ _b ISTQB certification _cDorothy Graham, Erik Van Veenendaal , Isabel Evans, Rex Black |
||
| 260 |
_aLondon: _bThomson,2007 _c2007 |
||
| 300 |
_axii, 258 p. _bill; _c25 cm. |
||
| 650 | _aComputer software | ||
| 650 | _asoftware testing | ||
| 942 |
_cBB _k005.14G7601 |
||
| 999 |
_c3519 _d3519 |
||